Retailing management <a> planning approach
Gespeichert in:
| 1. Verfasser: | |
|---|---|
| Format: | Buch |
| Sprache: | Englisch |
| Veröffentlicht: |
New York
McGraw-Hill Book Company
1976
|
| Schlagworte: | |
| Tags: |
Keine Tags, Fügen Sie das erste Tag hinzu!
|
MARC
| LEADER | 00000nam a2200000 4500 | ||
|---|---|---|---|
| 001 | c110682 | ||
| 005 | 20221123135801.8 | ||
| 020 | |a 0-07-051366-X | ||
| 041 | 0 | |a eng | |
| 044 | |a US | ||
| 245 | 1 | 0 | |a Retailing management |b <a> planning approach |c Larry D. Redinbaugh |
| 264 | 1 | |a New York |b McGraw-Hill Book Company |c 1976 | |
| 300 | |a 429 s. | ||
| 610 | 2 | 0 | |a maloobchod |
| 610 | 2 | 0 | |a manažment |
| 610 | 2 | 0 | |a riadenie |
| 610 | 2 | 0 | |a obchod |
| 610 | 2 | 0 | |a politika obchodná |
| 610 | 2 | 0 | |a franchising |
| 610 | 2 | 0 | |a trh |
| 610 | 2 | 0 | |a spotrebitelia |
| 610 | 2 | 0 | |a skupiny sociálne |
| 610 | 2 | 0 | |a kultúra |
| 610 | 2 | 0 | |a plánovanie |
| 610 | 2 | 0 | |a predajne |
| 610 | 2 | 0 | |a produkty |
| 610 | 2 | 0 | |a obchodníci |
| 610 | 2 | 0 | |a predaj |
| 610 | 2 | 0 | |a úver |
| 610 | 2 | 0 | |a plánovanie finančné |
| 610 | 2 | 0 | |a kontrola |
| 610 | 2 | 0 | |a analýzy |
| 100 | 1 | |a Redinbaugh, Larry D. | |